| Tag |
First Indicator |
Second Indicator |
Subfields |
| LEADER |
00000cam a2200000 a 4500 |
| 001 |
in00002401821 |
| 005 |
20151109115520.0 |
| 008 |
080801s2008 enkab b 000 0 ita d |
| 010 |
|
|
|a 2008426144
|
| 020 |
|
|
|a 9781407302195
|
| 020 |
|
|
|a 1407302191
|
| 035 |
|
|
|a (OCoLC)ocn235973461
|
| 035 |
|
|
|a (OCoLC)235973461
|
| 040 |
|
|
|a SUC
|c SUC
|d DLC
|d TXA
|d UtOrBLW
|
| 042 |
|
|
|a lccopycat
|
| 043 |
|
|
|a e-it---
|
| 049 |
|
|
|a TXAM
|
| 050 |
0 |
0 |
|a DG70.P4
|b D66 2008
|
| 100 |
1 |
|
|a Donnini, Luca.
|
| 245 |
1 |
0 |
|a Civitella d'Arna (Perugia, Italia) e il suo territorio :
|b carta archeologica /
|c Luca Donnini, Lorena Rosi Bonci.
|
| 264 |
|
1 |
|a Oxford :
|b John and Erica Hedges Ltd.,
|c 2008.
|
| 300 |
|
|
|a iv, 209 pages :
|b illustrations, maps ;
|c 30 cm.
|
| 336 |
|
|
|a text
|b txt
|2 rdacontent
|
| 337 |
|
|
|a unmediated
|b n
|2 rdamedia
|
| 338 |
|
|
|a volume
|b nc
|2 rdacarrier
|
| 490 |
1 |
|
|a Notebooks on medieval topography ;
|v no. 8
|
| 490 |
1 |
|
|a BAR International series ;
|v 1798
|
| 504 |
|
|
|a Includes bibliographical references (pages 159-163).
|
| 651 |
|
0 |
|a Perugia (Italy)
|x Antiquities.
|
| 650 |
|
0 |
|a Excavations (Archaeology)
|z Italy
|z Perugia.
|
| 700 |
1 |
|
|a Bonci, Lorena Rosi.
|
| 830 |
|
0 |
|a Notebooks on medieval topography ;
|v no. 8.
|
| 830 |
|
0 |
|a BAR international series ;
|v 1798.
|
| 948 |
|
|
|a cataloged
|b h
|c 2008/9/18
|d c
|e ceaton
|f 2:40:18 pm
|
| 994 |
|
|
|a C0
|b TXA
|
| 999 |
|
|
|a MARS
|
| 999 |
f |
f |
|s 29484d61-fe97-31f5-ad66-fbd314c09fe6
|i 93a585ad-6fe8-362b-9aaf-9ff662baae00
|t 0
|
| 952 |
f |
f |
|p ric
|a Texas A&M University
|b Rellis Campus
|c Joint Library Facility
|d Remote Storage
|t 0
|e DG70.P4 D66 2008
|h Library of Congress classification
|i unmediated -- volume
|m A14837352702
|
| 998 |
f |
f |
|a DG70.P4 D66 2008
|t 0
|l Remote Storage
|